TNA / Impact Wrestling - Sting's PPV Opponents - Statistics

General Stats
  • This quiz has been taken 193 times
  • The average score is 80 of 104
Answer Stats
Year Event Match Type Answer % Correct
2007 Lockdown 5 vs. 5 Lethal Lockdown Match AJ Styles
96%
2007 Victory Road Tag Team Match AJ Styles
96%
2007 Hard Justice 6-Man Tag Team Doomsday Chamber of Blood Match AJ Styles
96%
2008 Lockdown 5 vs. 5 Lethal Lockdown Match AJ Styles
96%
2008 Turning Point AJ Styles
96%
2008 Final Resolution 8-Man Tag for the Title Match AJ Styles
96%
2009 No Surrender 5-Way Match AJ Styles
96%
2009 Bound for Glory AJ Styles
96%
2007 Sacrifice Triple Threat Match Kurt Angle
93%
2007 Bound for Glory Kurt Angle
93%
2007 Genesis Tag for the Title Match Kurt Angle
93%
2009 Against All Odds Fatal 4-Way Match Kurt Angle
93%
2009 Destination X Kurt Angle
93%
2009 Sacrifice 4-Way Ultimate Sacrifice Match Kurt Angle
93%
2009 Hard Justice Triple Threat Match Kurt Angle
93%
2009 No Surrender 5-Way Match Kurt Angle
93%
2011 Hardcore Justice Kurt Angle
93%
2011 No Surrender Triple Threat Match Kurt Angle
93%
2006 Victory Road Fatal 4-Way Match Samoa Joe
93%
2008 Bound for Glory Samoa Joe
93%
2008 Final Resolution 8-Man Tag for the Title Match Samoa Joe
93%
2009 Victory Road Samoa Joe
93%
2010 No Surrender Tag Team Match Samoa Joe
93%
2010 Bound for Glory 3-on-2 Handicap Match Samoa Joe
93%
2010 Lockdown 4 vs. 4 Lethal Lockdown Match Jeff Hardy
90%
2011 Victory Road No DQ Match Jeff Hardy
90%
2006 Final Resolution Tag Team Match Jeff Jarrett
86%
2006 Lockdown 4 vs. 4 Lethal Lockdown Match Jeff Jarrett
86%
2006 Sacrifice Tag Team Match Jeff Jarrett
86%
2006 Slammiversary King of the Mountain Match Jeff Jarrett
86%
2006 Hard Justice Jeff Jarrett
86%
2006 Bound for Glory Jeff Jarrett
86%
2009 Sacrifice 4-Way Ultimate Sacrifice Match Jeff Jarrett
86%
2010 Lockdown 4 vs. 4 Lethal Lockdown Match Jeff Jarrett
86%
2010 Sacrifice Jeff Jarrett
86%
2010 No Surrender Tag Team Match Jeff Jarrett
86%
2010 Bound for Glory 3-on-2 Handicap Match Jeff Jarrett
86%
2006 Slammiversary King of the Mountain Match Christian Cage
85%
2006 Victory Road Fatal 4-Way Match Christian Cage
85%
2006 Turning Point Triple Threat Match Christian Cage
85%
2007 Final Resolution 3-Way Elimination Match Christian Cage
85%
2007 Lockdown 5 vs. 5 Lethal Lockdown Match Christian Cage
85%
2007 Sacrifice Triple Threat Match Christian Cage
85%
2007 Hard Justice 6-Man Tag Team Doomsday Chamber of Blood Match Christian Cage
85%
2008 Lockdown 5 vs. 5 Lethal Lockdown Match Brother Ray
82%
2008 Sacrifice Deuces Wild Tournament Quarterfinal Tag Team Match Brother Ray
82%
2008 Final Resolution 8-Man Tag for the Title Match Brother Ray
82%
2009 Against All Odds Fatal 4-Way Match Brother Ray
82%
2007 Genesis Tag for the Title Match Kevin Nash
82%
2006 Slammiversary King of the Mountain Match Abyss
81%
2006 Genesis Abyss
81%
2006 Turning Point Triple Threat Match Abyss
81%
2007 Final Resolution 3-Way Elimination Match Abyss
81%
2007 Against All Odds Prison Yard Match Abyss
81%
2007 Destination X Last Rites Match Abyss
81%
2007 Lockdown 5 vs. 5 Lethal Lockdown Match Abyss
81%
2010 Lockdown 4 vs. 4 Lethal Lockdown Match Abyss
81%
2013 Slammiversary No Holds Barred Match Bully Ray
81%
2011 Bound for Glory Match for Control of TNA Wrestling Hulk Hogan
81%
2012 Victory Road No Holds Barred Match Bobby Roode
80%
2012 Slammiversary Bobby Roode
80%
2006 Lockdown 4 vs. 4 Lethal Lockdown Match James Storm
79%
2008 Lockdown 5 vs. 5 Lethal Lockdown Match James Storm
78%
2008 Lockdown 5 vs. 5 Lethal Lockdown Match Brother Devon
73%
2008 Sacrifice Deuces Wild Tournament Quarterfinal Tag Team Match Brother Devon
73%
2008 Final Resolution 8-Man Tag for the Title Match Brother Devon
73%
2009 Against All Odds Fatal 4-Way Match Brother Devon
73%
2013 Lockdown 5 vs. 5 Lethal Lockdown Match Devon
72%
2013 Lockdown 5 vs. 5 Lethal Lockdown Match Mr. Anderson
71%
2011 Lockdown Triple Threat Match Mr. Anderson
70%
2011 Slammiversary Mr. Anderson
70%
2011 No Surrender Triple Threat Match Mr. Anderson
70%
2006 Lockdown 4 vs. 4 Lethal Lockdown Match Scott Steiner
69%
2006 Sacrifice Tag Team Match Scott Steiner
69%
2006 Victory Road Fatal 4-Way Match Scott Steiner
69%
2007 Lockdown 5 vs. 5 Lethal Lockdown Match Scott Steiner
69%
2010 Lockdown 4 vs. 4 Lethal Lockdown Match Rob Van Dam
67%
2010 Slammiversary Rob Van Dam
67%
2011 Lockdown Triple Threat Match Rob Van Dam
67%
2011 Sacrifice Rob Van Dam
67%
2009 Lockdown Mick Foley
65%
2009 Sacrifice 4-Way Ultimate Sacrifice Match Mick Foley
65%
2007 Slammiversary Christopher Daniels
61%
2009 Genesis Rhino
60%
2006 Lockdown 4 vs. 4 Lethal Lockdown Match Chris Harris
58%
2007 Lockdown 5 vs. 5 Lethal Lockdown Match Tomko
58%
2007 Victory Road Tag Team Match Tomko
58%
2007 Hard Justice 6-Man Tag Team Doomsday Chamber of Blood Match Tomko
58%
2008 Lockdown 5 vs. 5 Lethal Lockdown Match Tomko
58%
2006 Final Resolution Tag Team Match Monty Brown
55%
2009 Slammiversary Matt Morgan
54%
2009 Hard Justice Triple Threat Match Matt Morgan
54%
2009 No Surrender 5-Way Match Matt Morgan
54%
2006 Slammiversary King of the Mountain Match Ron Killings
52%
2007 No Surrender Tag Team Match Ron Killings
52%
2013 Lockdown 5 vs. 5 Lethal Lockdown Match Garett Bischoff
51%
2012 Bound for Glory No DQ Tag Team Match for Full Access to the Impact Zone DOC
50%
2013 Genesis DOC
50%
2013 Lockdown 5 vs. 5 Lethal Lockdown Match DOC
50%
2009 No Surrender 5-Way Match Hernandez
49%
2012 Bound for Glory No DQ Tag Team Match for Full Access to the Impact Zone Knux
46%
2013 Lockdown 5 vs. 5 Lethal Lockdown Match Knux
46%
2013 Bound for Glory Magnus
44%
2007 No Surrender Tag Team Match Adam Pacman Jones
33%
No matching quizzes found
Score Distribution
Percent of People with Each Score
Percentile by Number Answered
Your Score History
You have not taken this quiz